Gaming Quiz

Random Gaming Quiz

70 M:tG Walls Quiz Stats

 Plays Quiz not verified by Sporcle

Score 0/70 Timer 15:00
0 Plays Today
% Correct
Wall of Water
92%
Wall of Fire
84%
Wall of Ice
84%
Wall of Stone
80%
Wall of Bone
80%
Wall of Heat
76%
Wall of Air
76%
Wall of Spears
76%
Wall of Wood
72%
Wall of Lava
72%
Wall of Roots
72%
Illusionary Wall
68%
Wall of Blood
64%
Wall of Omens
64%
Wall of Junk
64%
Wall of Blossoms
64%
Wall of Tombstones
60%
Angelic Wall
60%
Cemetery Gate
60%
Fog Bank
60%
Living Wall
60%
Wall of Swords
60%
Wall of Shadows
60%
Wall of Shields
56%
Wall of Brambles
56%
Wall of Light
56%
Glacial Wall
56%
Wall of Razors
52%
Carnivorous Plant
52%
Sunweb
52%
Wall of Corpses
48%
Tinder Wall
48%
Wall of Frost
48%
Wall of Wonder
48%
Wall of Dust
48%
% Correct
Vine Trellis
48%
Wall of Earth
44%
Shield Sphere
44%
Stinging Barrier
44%
Wall of Souls
44%
Overgrown Battlement
44%
Wall of Diffusion
40%
Cinder Wall
40%
Shifting Wall
40%
Alabaster Wall
40%
Walking Wall
40%
Wall of Tears
40%
Thunder Wall
36%
Wall of Pine Needles
36%
Mnemonic Wall
36%
Wall of Essence
36%
Wall of Denial
36%
Wall of Kelp
36%
Floodgate
36%
Dark Maze
32%
Necropolis
32%
Whip Vine
32%
Wall of Vapor
32%
Hover Barrier
28%
Blistering Barrier
28%
Archers' Parapet
28%
Wall of Vines
28%
Wall of Mulch
28%
Wall of Putrid Flesh
28%
Carrion Wall
24%
Wall of Tanglecord
24%
Wall of Opposition
20%
Drift of the Dead
20%
Coral Barrier
16%
Wall of Resurgence
12%

You're not logged in!

Compare scores with friends on all Sporcle quizzes.
OR
Log In

Sporcle TV

Today on Sporcle TV


Watch our educational content, quiz creation guides, and fun videos on Sporcle TV.

Show Comments

Extras

Created Jul 24, 2016ReportNominate
Tags:Magic the Gathering, wall

Top Quizzes Today


Score Distribution

Your Account Isn't Verified!

In order to create a playlist on Sporcle, you need to verify the email address you used during registration. Go to your Sporcle Settings to finish the process.

Report this User

Report this user for behavior that violates our Community Guidelines.

Details: